Loading...
History - World History | 0 | 7 | 0 | 0 | 70 | 22 | 60.29 | 1 | 4 |
History - European History | 0 | 8 | 2 | 1 | 70 | 21 | 68.00 | 3 | 6 |
Mythology | 0 | 5 | 0 | 0 | 50 | 28 | 62.40 | 1 | 3 |
Religion | 0 | 5 | 0 | 1 | 50 | 52 | 89.80 | 0 | 2 |
History - Other History | 0 | 5 | 0 | 0 | 50 | 45 | 59.40 | 0 | 3 |
Literature - European Literature | 0 | 4 | 0 | 1 | 40 | 99 | 106.00 | 0 | 2 |
Painting/Sculpture | 0 | 4 | 0 | 0 | 40 | 77 | 97.50 | 0 | 1 |
History - American History | 0 | 3 | 0 | 0 | 30 | 42 | 56.67 | 1 | 2 |
Literature - World Literature | 0 | 3 | 1 | 0 | 25 | 93 | 98.00 | 0 | 0 |
Geography | 0 | 2 | 0 | 0 | 20 | 76 | 78.00 | 0 | 1 |
Fine Arts - Classical Music | 0 | 2 | 0 | 0 | 20 | 63 | 66.50 | 0 | 2 |
Literature - American Literature | 0 | 2 | 0 | 1 | 20 | 86 | 101.00 | 0 | 0 |
Literature - British Literature | 0 | 2 | 1 | 0 | 15 | 82 | 94.50 | 0 | 1 |
Social Science | 0 | 1 | 0 | 1 | 10 | 115 | 115.00 | 0 | 0 |
Fine Arts - Other Fine Arts | 0 | 1 | 0 | 0 | 10 | 84 | 84.00 | 0 | 1 |
Pop Culture | 0 | 1 | 0 | 0 | 10 | 64 | 64.00 | 0 | 0 |
Science - Biology | 0 | 1 | 0 | 0 | 10 | 72 | 72.00 | 0 | 1 |
Science - Physics | 0 | 1 | 0 | 0 | 10 | 88 | 88.00 | 0 | 0 |
Science - Other Science | 0 | 1 | 1 | 0 | 5 | 44 | 44.00 | 0 | 1 |
Current Events | 0 | 1 | 1 | 1 | 5 | 105 | 105.00 | 0 | 0 |
Philosophy | 0 | 0 | 1 | 0 | -5 | 0.00 | 0 | 0 |